Nazionalità dei personaggi famosi - Statistics

Statistiche generali
  • Questo quiz è stato fatto 88 volte
  • Il punteggio medio è 12 su 28
Statistiche sulle risposte
Domanda Risposta % Corretto
Sigmund Freud Austria
85%
Ludwig van Beethoven Germania
85%
Jannik Sinner Italia
85%
Adolf Hitler Austria
81%
Freddie Mercury Regno Unito
78%
Arnold Schwarzenegger Austria
65%
Gengis Khan Mongolia
58%
Shakira Colombia
57%
Frida Kahlo Messico
56%
Niccolò Copernico Polonia
51%
Che Guevara Argentina
49%
Mohammed Ali Stati Uniti
46%
Pablo Neruda Cile
44%
Marie Curie Polonia
43%
Iosif Stalin Georgia
39%
Edvard Munch Norvegia
36%
Frederic Chopin Polonia
36%
Charlize Theron Sudafrica
35%
Jean-Claude Van Damme Belgio
31%
Jean-Jacques Rousseau Svizzera
31%
Rihanna Barbados
26%
Russel Crowe Nuova Zelanda
26%
Tenzin Gyatso (Dalai Lama) Tibet
26%
Haile Selassie Etiopia
25%
Bruce Lee Hong Kong
19%
Jackie Chan Hong Kong
18%
Keanu Reeves Canada
14%
Rigoberta Menchú Guatemala
4%
Nessun quiz corrispondente trovato
Distribuzione punteggi
Percentuale di utenti per punteggio
Percentile per numero di risposta
I tuoi punteggi nel tempo
Non hai fatto questo quiz